000 00512nam a22001817a 4500
003 CEME
005 20210628210041.0
008 210210b xxu||||| |||| 00| 0 eng d
020 _a81-7319-239-1
040 _c.
082 _a515.24 SEQ
100 _aMalkowsky, Eberhard Jain, Pawan.K
_977993
245 _aSequence spaces and applications
260 _aNEW DELHI
_bNAROSA PUBLISHING
_c1999
300 _a148P
650 _aSTRUCTURE AND TOPOLOGY DUALS AND MATRIX TRANSFORMATION
_977994
942 _cBK
_2ddc
999 _c583157
_d583157